Stratégies de développêmnt trois études de gas; Dossier D

Gorde:
Xehetasun bibliografikoak
Formatua: Liburua
Hizkuntza:Undetermined
Argitaratua: Paris 1983
Gaiak:
Etiketak: Etiketa erantsi
Etiketarik gabe, Izan zaitez lehena erregistro honi etiketa jartzen!
Thư viện lưu trữ: Trung tâm Học liệu Trường Đại học Cần Thơ
LEADER 00380nam a2200133Ia 4500
001 CTU_45780
008 210402s9999 xx 000 0 und d
082 |a 333.7938 
082 |b D274/D 
245 0 |a Stratégies de développêmnt trois études de gas; Dossier D 
260 |a Paris 
260 |c 1983 
650 |a biogas 
980 |a Trung tâm Học liệu Trường Đại học Cần Thơ